ECHL Teams - Statistics

General Stats
  • This quiz has been taken 121 times
  • The average score is 14 of 28
Answer Stats
Division Team Name % Correct
South Orlando Solar Bears
71%
Mountain Utah Grizzlies
65%
South Florida Everblades
60%
North Adirondack Thunder
58%
Mountain Wichita Thunder
58%
South Greenville Swamp Rabbits
54%
South Jacksonville Icemen
54%
Central Toledo Walleye
54%
North Trois-Rivières Lions
54%
Central Cincinnati Cyclones
52%
Central Fort Wayne Komets
52%
Mountain Idaho Steelheads
52%
Central Indy Fuel
52%
North Maine Mariners
52%
North Norfolk Admirals
50%
Mountain Allen Americans
48%
Mountain Kansas City Mavericks
48%
Mountain Tulsa Oilers
48%
South Atlanta Gladiators
46%
Central Kalamazoo Wings
46%
North Newfoundland Growlers
46%
North Reading Royals
46%
Central Wheeling Nailers
46%
Central Iowa Heartlanders
44%
South Savannah Ghost Pirates
44%
South South Carolina Stingrays
44%
Mountain Rapid City Rush
40%
North Worcester Railers
40%
No matching quizzes found
Score Distribution
Percent of People with Each Score
Percentile by Number Answered
Your Score History
You have not taken this quiz